Multilateralization of the nuclear fuel cycle: assessing the existing proposals (Record no. 51770)

MARC details
000 -LEADER
fixed length control field 00796nam a2200205 a 4500
008 - FIXED-LENGTH DATA ELEMENTS--GENERAL INFORMATION
fixed length control field 120416s2009 ||||||||||||||||| || u
020 ## - INTERNATIONAL STANDARD BOOK NUMBER
International Standard Book Number 9789290451952
050 ## - LIBRARY OF CONGRESS CALL NUMBER
Classification number UNIDIR(08)MNFC/4
100 ## - MAIN ENTRY--PERSONAL NAME
Personal name Yudin, Yury
245 10 - TITLE STATEMENT
Title Multilateralization of the nuclear fuel cycle: assessing the existing proposals
Statement of responsibility, etc. edited by Yury Yudin
260 ## - PUBLICATION, DISTRIBUTION, ETC.
Place of publication, distribution, etc. Geneva
Name of publisher, distributor, etc. United Nations Institute for Disarmament Research [UNIDIR]
Date of publication, distribution, etc. 2009
300 ## - PHYSICAL DESCRIPTION
Extent xvi, 105p.: ill.
350 ## - PRICE (NR) (BK AM CF MU VM SE) [OBSOLETE]
Price 0.00
362 1# - DATES OF PUBLICATION AND/OR SEQUENTIAL DESIGNATION
Dates of publication and/or sequential designation <p>UNIDIR/2009/4</p>
650 ## - SUBJECT ADDED ENTRY--TOPICAL TERM
Topical term or geographic name entry element Nuclear fuels
650 ## - SUBJECT ADDED ENTRY--TOPICAL TERM
Topical term or geographic name entry element ENERGY
650 ## - SUBJECT ADDED ENTRY--TOPICAL TERM
Topical term or geographic name entry element URANIUM ENRINCHMENT
650 ## - SUBJECT ADDED ENTRY--TOPICAL TERM
Topical term or geographic name entry element ENERGY POLICY--INTERNATIONAL COOPERATION
995 ## - RECOMMENDATION 995 [LOCAL, UNIMARC FRANCE]
-- CBU-MAIN LIBRARY (Kitwe)
-- 0.00
-- 1
-- AVAILABLE
-- Mar 13, 2013
-- International Publications
Holdings
Withdrawn status Lost status Source of classification or shelving scheme Damaged status Not for loan Home library Current library Shelving location Date acquired Total Checkouts Full call number Barcode Date last seen Price effective from Koha item type
          CBU-MAIN LIBRARY, KITWE. CBU-MAIN LIBRARY, KITWE.   11/30/2022   UNIDIR(08)MNFC/4 B602 11/30/2022 11/30/2022 MONOGRAPH